Shapes Quiz - Statistics

General Stats
  • This quiz has been taken 32 times
  • The average score is 7 of 10
Answer Stats
Picture Answer % Correct
octagon
96%
pentagon
96%
cylinder
83%
hexagon
83%
sphere
83%
trapezoid
75%
rhombus
71%
parallelogram
54%
hemisphere
21%
cuboid
8%
No matching quizzes found
Score Distribution
Percent of People with Each Score
Percentile by Number Answered
Your Score History
You have not taken this quiz